Дело о службе состоявшего в ведомстве Театральной дирекции помощником кассира, уволенного с пенсионом по болезни прусского подан...

Доступно только в Электронных читальных залах Найти на картеНа карте
RUSMARC
00003811nmc2a22000003x 450
001af90b05d-c393-4648-b512-3adcc8b782c1
00520181225153438.0
100##$a20170628l18471860k l0rusy0189 ca
1010#$arus
102##$aRU
2001#$aДело о службе состоявшего в ведомстве Театральной дирекции помощником кассира, уволенного с пенсионом по болезни прусского поданного Фридриха-Альберта Климм
$j30 сентября 1847 г. - 11 июля 1860 г.
251##$cДело
300##$aПо Санкт-Петербургской дирекции за 1847 год
300##$aДело
801#0$aRU
$bРГИА
$c20170628
$gRCR
801#1$aRU
$bГлавНИВЦ
$c20170628
$2rusmarc
801#2$aRU
$bПБ им. Б.Н. Ельцина
$c20181225
$gRCR
$2rusmarc
850##$aРГИА
852##$aРГИА
$eФедеральное казенное учреждение "Российский государственный исторический архив" (РГИА)
$j11114
937##$hРГИА
$d12245369
$aASBIBLIO_SCAN
462#0$1001dd3991dc-24e1-42ec-8838-ca4255420416
$12001
$a1746-1850 гг.
$1251
$cОпись
$1852
$j1
461#0$10019264ebf8-de62-4f1a-9eb4-9f22098dbbd5
$12001
$aДирекция императорских театров МИДв
$1251
$cФонд
$1852
$j497
215##$a18 л.
$d36,5х26 см
371##$aДокумент не является опубликованным и широко распространяемым
105##$ay###
1222#$ad
035##$aaf90b05d-c393-4648-b512-3adcc8b782c1
856##$uhttp://readingroom.main.prlib.ru/item.aspx?id_node=n122335158&mode=full
Формат отображения